000 00337nam a2200157 4500
005 20260219124903.0
008 CU66
020 _a9988071248
050 _aHF 5681.B2 ACC
100 _aACCA
245 _aPREPARING FINANACIAL STATEMENTS
260 _aLONDON
_bBPP
_c2005
300 _aXXVI,546p.,
500 _aINDEX
942 _2lcc
_cBK
_n0
999 _c8778
_d8778